| Tag |
First Indicator |
Second Indicator |
Subfields |
| LEADER |
00000cam a2200000 a 4500 |
| 001 |
in00001714421 |
| 005 |
20151024173849.0 |
| 008 |
020316s2002 enka b 001 0 eng |
| 010 |
|
|
|a 2002021401
|
| 015 |
|
|
|a GBA2-V3653
|
| 020 |
|
|
|a 0335210996 (pbk.)
|
| 029 |
1 |
|
|a UKM
|b bA2V3653
|
| 035 |
|
|
|a (OCoLC)ocm49351505
|
| 040 |
|
|
|a DLC
|c DLC
|d UKM
|d C#P
|d UtOrBLW
|
| 049 |
|
|
|a TXAM
|
| 050 |
0 |
0 |
|a LC5215
|b .R58 2002
|
| 082 |
0 |
0 |
|a 374
|2 21
|
| 100 |
1 |
|
|a Rogers, Alan,
|d 1933-
|
| 245 |
1 |
0 |
|a Teaching adults /
|c Alan Rogers.
|
| 250 |
|
|
|a 3rd ed.
|
| 264 |
|
1 |
|a Buckingham [England] ;
|a Philadelphia :
|b Open University Press,
|c 2002.
|
| 300 |
|
|
|a viii, 296 pages :
|b illustrations ;
|c 24 cm.
|
| 336 |
|
|
|a text
|b txt
|2 rdacontent
|
| 337 |
|
|
|a unmediated
|b n
|2 rdamedia
|
| 338 |
|
|
|a volume
|b nc
|2 rdacarrier
|
| 504 |
|
|
|a Includes bibliographical references (pages [286]-293) and index.
|
| 650 |
|
0 |
|a Adult education.
|
| 650 |
|
0 |
|a Learning.
|
| 945 |
|
|
|i PromptCat
|
| 948 |
|
|
|a cataloged
|b h
|c 2002/11/25
|e cmulkey
|f 8:10:00
|
| 994 |
|
|
|a 92
|b TXA
|
| 999 |
|
|
|a MARS
|
| 999 |
f |
f |
|s 679485a4-608f-33ae-9f9e-7e5c00e3d892
|i 0bbc2628-4e8f-3e02-bb1d-80078bc48e10
|t 0
|
| 952 |
f |
f |
|p normal
|a Texas A&M University
|b College Station
|c Sterling C. Evans Library
|d Evans: Library Stacks
|t 0
|e LC5215 .R58 2002
|h Library of Congress classification
|i unmediated -- volume
|m A14829563967
|
| 998 |
f |
f |
|a LC5215 .R58 2002
|t 0
|l Evans: Library Stacks
|